<?xml version="1.0" encoding="UTF-8"?>
<record
    xmlns:xsi="http://www.w3.org/2001/XMLSchema-instance"
    xsi:schemaLocation="http://www.loc.gov/MARC21/slim http://www.loc.gov/standards/marcxml/schema/MARC21slim.xsd"
    xmlns="http://www.loc.gov/MARC21/slim">

  <leader>01666nam a22001577a 4500</leader>
  <datafield tag="999" ind1=" " ind2=" ">
    <subfield code="c">518745</subfield>
    <subfield code="d">518745</subfield>
  </datafield>
  <controlfield tag="008">211029b           ||||| |||| 00| 0 eng d</controlfield>
  <datafield tag="100" ind1=" " ind2=" ">
    <subfield code="a">Wright, James E. and Headley, Andrea M. </subfield>
    <subfield code="9">30031</subfield>
  </datafield>
  <datafield tag="245" ind1=" " ind2=" ">
    <subfield code="a">Can technology work for policing? citizen perceptions of police-body worn cameras</subfield>
  </datafield>
  <datafield tag="260" ind1=" " ind2=" ">
    <subfield code="a">American Review of Public Administration  </subfield>
  </datafield>
  <datafield tag="300" ind1=" " ind2=" ">
    <subfield code="a">51(1), Jan, 2021: p.17-27</subfield>
  </datafield>
  <datafield tag="520" ind1=" " ind2=" ">
    <subfield code="a">Recent incidents between police and people of color have further strained police&#x2013;community relationships. Scholars, practitioners, activists, policy makers, and several police departments have advocated for the implementation of body-worn cameras (BWC), a technological adoption promoted to address growing mistrust in the United States. This article examines perception of this technological adoption through 40 in-depth interviews in Washington, D.C. Furthermore, this article uses the context of police BWC to explore how the integration of technological advancements impacts the relationships between communities and local governments&#x2014;namely police departments. The evidence suggests that residents believe BWC should improve officer behavior and increase police legitimacy, but cameras will not increase trust between police and the community. Based on the findings, this research identifies the limitations of BWC technology and assesses potential collaborative strategies available for police organizations related to the adoption and use of BWC. &#x2013; Reproduced </subfield>
  </datafield>
  <datafield tag="650" ind1=" " ind2=" ">
    <subfield code="a">Policing, body-worn cameras, Technology and government, Citizen expectations</subfield>
    <subfield code="9">28473</subfield>
  </datafield>
  <datafield tag="773" ind1=" " ind2=" ">
    <subfield code="a">American Review of Public Administration  </subfield>
  </datafield>
  <datafield tag="906" ind1=" " ind2=" ">
    <subfield code="a">POLICING</subfield>
  </datafield>
  <datafield tag="942" ind1=" " ind2=" ">
    <subfield code="c">AR</subfield>
  </datafield>
  <datafield tag="952" ind1=" " ind2=" ">
    <subfield code="0">0</subfield>
    <subfield code="1">0</subfield>
    <subfield code="2">ddc</subfield>
    <subfield code="4">0</subfield>
    <subfield code="7">0</subfield>
    <subfield code="9">392812</subfield>
    <subfield code="a">IIPA</subfield>
    <subfield code="b">IIPA</subfield>
    <subfield code="d">2021-10-29</subfield>
    <subfield code="h">51(1), Jan, 2021: p.17-27</subfield>
    <subfield code="p">AR125842</subfield>
    <subfield code="r">2021-10-29</subfield>
    <subfield code="y">AR</subfield>
  </datafield>
</record>
